BIBLIOTHÈQUE DE LA MAISON DU MEXIQUE

Logo 1 Logo 2

La vida en México durante una residencia de dos años en ese país (notice nᵒ 11604)

détails MARC
000 -Sello discográfico
campo de control de longitud fija 01190nam a2200349 4500
005 - Identificación de versión
campo de control 20251017062903.0
035 ## - Otros números de control del sistema
Número de control del sistema 9821
099 ## - fechas locales
Tipo de ítem Koha LIBRO
100 ## - Datos de procesamiento general
Datos de procesamiento general 20040723d1959 m y1spay5003 ba
101 1# - Idioma del recurso
Idioma del texto, banda sonora, etc. Español; Castellano
Idioma de la obra original Inglés
105 ## - Campo de datos codificados: Material textual, monográfico
Datos codificados de monografía a 001zy
200 1# - Título y mención de responsabilidad
Título propio La vida en México durante una residencia de dos años en ese país
Designación general del material texto impreso
Primer mención de responsabilidad Madame Calderón de la Barca
Declaración de responsabilidad subsiguiente traducción, prólogo y notas Felipe Teixidor
205 ## - Declaración de edición
Declaración de edición 1a ed
210 ## - Publicación, distribución, etc.
Lugar de publicación, distribución, etc. México
Nombre del editor, distribuidor, etc. Editorial Porrúa
Fecha de publicación, distribución, etc. 1959
215 ## - Descripción física
Designación de material específico y extensión del ítem 2 v
Otras características físicas il.
Dimensiones 23 cm
345 ## - Nota de información de adquisición
Fuente de adquisición/dirección de la suscripción [OBSOLETO] Donación
410 #1 - Series
Título Biblioteca Porrúa
Número de volumen 14-15
454 #1 - Traducción de
Título Life in Mexico
607 ## - Nombre geográfico utilizado como tema
Elemento de entrada México
Subdivisión temática Descripción y viajes
Número Koha 1948
607 ## - Nombre geográfico utilizado como tema
Elemento de entrada México
Subdivisión temática Vida social y costumbres
Número Koha 154
660 ## - Código de área geográfica
Código MX
700 ## - Nombre personal - Responsabilidad primaria
Elemento de entrada Calderón de la Barca
Parte del nombre distinta del elemento de entrada Frances Erskine Inglis
Fechas 1804-1882
Número Koha 18255
702 ## - Nombre personal - Responsabilidad secundaria
Elemento de entrada Teixidor Benach
Parte del nombre distinta del elemento de entrada Felipe
Fechas 1895-1980
Número Koha 13877
801 #0 - Fuente de origen
Agencia cm
900 ## -
-- 1/7884
900 ## -
-- 7100419649\230704
942 ## - ELEMENTOS DE ENTRADA SECUNDARIOS (KOHA)
Tipo de ítem Koha Livre
996 ## -
-- MEX
-- 751145101
-- MMAG
-- 007166
-- 917.2 C14V V.1
-- 20221202LIV
996 ## -
-- MEX
-- 751145101
-- MMAG
-- 007167
-- 917.2 C14V V.2
-- 20221202LIV
Exemplaires
Estatus retirado Estado de daño Estado de pérdida Fecha de adquisición Biblioteca de origen Biblioteca actual Ubicación en estantería Código de barras Precio de reemplazo Signatura topográfica completa No para préstamo Tipo de ítem Koha Nota pública Nota no pública
      05/08/2025 Casa México Paris Casa México Paris   007166 05/08/2025 917.2 C14V V.1   Livre 20221202LIV 751145101
      05/08/2025 Casa México Paris Casa México Paris   007167 05/08/2025 917.2 C14V V.2   Livre 20221202LIV 751145101